Score 0/22 Timer 04:00
1 Play Today
Title Missing Word % Correct
The _____ GamesHunger
97.7%
Pretty _____ LiarsLittle
94.1%
Lord of the _____Flies
85.9%
Ender's _____Game
85.9%
The Sisterhood of the Traveling _____Pants
84.9%
_____ to TerabithiaBridge
81.3%
The _____ of Being a WallflowerPerks
79.7%
The _____ CompassGolden
78%
New _____Moon
70.2%
The Lightning _____Thief
68.5%
The Maze _____Runner
67.1%
Title Missing Word % Correct
Artemis _____Fowl
65.9%
I am Number _____Four
63%
A _____ in Time Wrinkle
60%
The _____ ThiefBook
58.8%
_____ EverlastingTuck
57.3%
Hush, _____Hush
48.3%
The _____ DiariesVampire
44.4%
City of _____Bones
41.5%
The _____ of EmberCity
33.7%
The _____ BeginningBad
29.8%
Beautiful _____Creatures
29.4%

Today's Daily Dose

Remove Ads.
Support Sporcle.
Get the best of Sporcle when you Go Orange. This ad-free experience offers more features, more stats, and more fun while also helping to support Sporcle. Thank you for becoming a member.

You're not logged in!

Compare scores with friends on all Sporcle quizzes.
OR
Log In

Show Comments

Extras

Top Quizzes Today


Score Distribution

Your Account Isn't Verified!

In order to create a playlist on Sporcle, you need to verify the email address you used during registration. Go to your Sporcle Settings to finish the process.

Report this User

Report this user for behavior that violates our Community Guidelines.

Details: